Tratamientos térmicos de los aceros / (Record no. 24994)

MARC details
000 -LEADER
campo de control de longitud fija 00742nam a2200205 i 4500
001 - NÚMERO DE CONTROL
campo de control 24994
003 - IDENTIFICADOR DE NÚMERO DE CONTROL
campo de control ES-MaACL
005 - FECHA Y HORA DE LA ÚLTIMA TRANSACCIÓN
campo de control 20230906153157.0
007 - CAMPO FIJO DE DESCRIPCIÓN FÍSICA--INFORMACIÓN GENERAL
campo de control de longitud fija t|
008 - DATOS DE LONGITUD FIJA--INFORMACIÓN GENERAL
campo de control de longitud fija 021219s1961 sp ||||1| spa d
100 1# - ENTRADA PRINCIPAL--NOMBRE DE PERSONA
Nombre de persona Apraiz Barreiro, José.
9 (RLIN) 22126
245 10 - MENCIÓN DEL TÍTULO
Título Tratamientos térmicos de los aceros /
Mención de responsabilidad, etc. por José Apraiz Barreiro.
250 ## - MENCION DE EDICION
Mención de edición 4ª ed.
260 ## - PUBLICACIÓN, DISTRIBUCIÓN, ETC.
Lugar de publicación, distribución, etc. Madrid :
Nombre del editor, distribuidor, etc. [s.n.,
Fecha de publicación, distribución, etc. 1961] (
Lugar de fabricación/manufactura Bilbao :
Fabricante Grijelmo)
300 ## - DESCRIPCIÓN FÍSICA
Extensión XVI, 642 p. :
Otras características físicas il. ;
Dimensiones 22 cm.
500 ## - NOTA GENERAL
Nota general Precede a tít.: Patronato de Publicaciones de la Escuela Especial de Ingenieros Industriales.
650 #4 - PUNTO DE ACCESO ADICIONAL DE MATERIA--TÉRMINO DE MATERIA
Término de materia o nombre geográfico como elemento de entrada Acero-
Subdivisión general Tratamiento térmico.
9 (RLIN) 146063
710 2# - ENTRADA AGREGADA--NOMBRE DE ENTIDAD CORPORATIVA
Nombre de entidad corporativa o nombre de jurisdicción como elemento de entrada Escuela Central de Ingenieros Industriales (Madrid)
9 (RLIN) 3568
852 ## - LOCALIZACIÓN
Ubicación ES-MaACL
Número de control de estantería C-20626
Sublocalización o colección R.48769
Holdings
Estatus retirado Estado de pérdida Estado de daño No para préstamo Biblioteca de origen Biblioteca actual Ubicación en estantería Fecha de adquisición Fuente de adquisición Total de préstamos Signatura topográfica completa Código de barras Visto por última vez Precio de reemplazo Tipo de ítem Koha
        Biblioteca del Ateneo de Madrid Biblioteca del Ateneo de Madrid Galería 17/01/2008     C-20626 1025769 23/02/2023 23/02/2023 Libro impreso